=LDR 00000nam 2200000 4500 =001 INLIS000000000023866 =005 20200226022213 =035 ##$$a 0010-061300000023866 =008 200226################g##########0#ind## =041 ##$$a Ind =082 ##$$a 155.4 =090 ##$$a 155.4, Cha s =100 ##$$a Chalke, Steve =245 1#$$a Seratus satu kegiatan mengasyikkan di luar rumah untuk anak-anak /$c Steve Chalke ; Penerjemah : Santi Indra Astuti =260 ##$$a Bandung :$b Kaifa,$c 2002 =300 ##$$a 180 hlm : $b ilus ; $c 23 x 15 cm =650 #4$$a Anak - Perkembangan =850 ##$$a NBPNMAT =020 ##$$a 979-9452-43-0 =084 ##$$a 155.4 CHA s =250 ##$$a Cet. 1 =990 ##$$a 00050412